Svet koní časopis Zväzu chovateľov koní na Slovensku

Bibliographic Details
Other Authors: Kido, Ivan (Publishing director), Polyaková, Lenka, 1967- (Publishing director)
Format: Journal
Language:Slovak
PhysicalDescription:zv. 21-30 cm
Published: Topoľčianky Zväz chovateľov koní na Slovensku 2002-
ISSN:1338-3019
Subjects:
Online Access:www.horses.sk

MARC

LEADER 00000cas a2200000 a 4500
001 vtls008688945
003 SK-MaSNL
005 20260402095619.0
008 060406c20029999xo qr|p 0 b0slo
022 |a 1338-3019 
040 |a SVKPO  |b slo  |c SVKPO  |d SAVUK  |d SVKBB  |d SNK  |e AACR2 
041 0 |a slo 
044 |a xo  |c SK 
072 7 |a 636  |x Chov zvierat. Živočíšna výroba  |2 konspekt 
072 7 |a 798  |x Jazdectvo. Športy so zvieratami  |2 konspekt 
080 |a 636.1  |2 2011 
080 |a 050  |2 2001 
080 |a 636.08  |2 2011 
080 |a 798  |2 2011 
080 |a (437.6)  |2 2011 
080 |a (051)-048.55  |2 2011 
210 0 |a Svet koní  |b (Topoľčianky) 
222 0 |a Svet koní  |b (Topoľčianky) 
245 0 0 |a Svet koní  |b časopis Zväzu chovateľov koní na Slovensku 
260 |a Topoľčianky  |b Zväz chovateľov koní na Slovensku  |c 2002- 
300 |a zv.  |c 21-30 cm 
321 |a 4x ročne  |b 2003-2006, 2010- 
321 |a 5x ročne  |b 2007-2009 
321 |a 3x ročne  |b 2002 
362 0 |a Roč. 0, č. 1 (2002)- 
500 |a Od r. 2006 rozmer zv. 30 cm 
500 |a Od č. 3 (2004)- v tiráži podnázov: časopis chovateľov a milovníkov koní, časopis pre kontrolu úžitkovosti chovu koní 
500 |a Registračné č.: MK SR 2885/2002 - B15 ; 1393/08 
500 |a Evidenčné číslo: EV 3351/09 
500 |a Šéfred.: 2002-1/2007, Ivan Kido ; 2/2007-, Lenka Polyaková 
500 |a Od r. 2003-č. 3 (2004) podnázov: časopis chovateľov a milovníkov koní 
500 |a Od č. 4 (2004)- podnázov: časopis chovateľov a milovníkov koní na Slovensku 
500 |a ISSN je uvádzané od č. 4 (2010) 
515 |a V r. 2004 v č. 1, 2 je uvedený roč. 2 a v č. 3, 4 je uvedený roč. 3 
525 |a Súčasťou časopisu je samostatne stránkovaná príloha: Katalóg výstavy-Kôň 2004 - v č. 3 (2004) 
650 0 7 |a kone  |2 SNKPH  |9 2809 
650 0 7 |a chovateľstvo  |2 SNKPH  |9 19447 
650 0 7 |a jazdectvo  |2 SNKPH  |9 3225 
651 7 |a Slovensko  |2 SNKPHgeo  |9 14231 
655 7 |a špecializované časopisy  |2 SNKPH  |9 70509 
700 1 |a Kido, Ivan  |4 pbd  |9 265511 
700 1 |a Polyaková, Lenka,  |d 1967-  |4 pbd  |9 189061 
856 4 1 |u www.horses.sk 
910 |a svkpo 
910 |a savuk 
910 |a snk 
910 |a svkbb 
916 |a 2002-2017, 2018 
999 |c 786  |d 786 
952 |t č. 1-4  |a SNK  |b SNK  |y PREZ  |7 0  |p 17A1524805  |o snkČSC 3866/19/2020 D1  |i snk2024/17108  |8 0  |0 0  |1 0  |4 0  |d 2024-11-11  |l 0  |r 2026-02-21 19:58:25  |w 2026-02-21 
952 |t č. 1-4  |a SNK  |b SNK  |y PREZ  |7 0  |p 17A1524806  |o snkČSC 3866/20/2021  |i snk2024/17111  |8 0  |0 0  |1 0  |4 0  |d 2024-11-11  |l 0  |r 2026-02-21 19:58:25  |w 2026-02-21 
952 |t č. 1-4  |a SNK  |b SNK  |y PREZ  |7 0  |p 17A1524807  |o snkČSC 3866/20/2021 D1  |i snk2024/17114  |8 0  |0 0  |1 0  |4 0  |d 2024-11-11  |l 0  |r 2026-02-21 19:58:26  |w 2026-02-21 
952 |t č. 1-4  |a SNK  |b SNK  |y PREZ  |7 0  |p 17A1524808  |o snkČSC 3866/21/2022  |i snk2024/17116  |8 0  |0 0  |1 0  |4 0  |d 2024-11-11  |l 0  |r 2026-02-21 19:58:26  |w 2026-02-21 
952 |t č. 1-4  |a SNK  |b SNK  |y PREZ  |7 0  |p 17A1524809  |o snkČSC 3866/22/2023  |i snk2024/17119  |8 0  |0 0  |1 0  |4 0  |d 2024-11-11  |l 0  |r 2026-02-21 19:58:26  |w 2026-02-21 
952 |t č. 1-4  |a SNK  |b SNK  |y PREZ  |7 0  |p 17A1462623  |o snkČSC 3866/18/2019 D1  |i snk2022/4240  |8 0  |0 0  |1 0  |4 0  |d 2022-03-18  |l 0  |r 2026-02-21 19:59:06  |w 2026-02-21 
952 |t č. 1-4  |a SNK  |b SNK  |y PREZ  |7 0  |p 17A1462624  |o snkČSC 3866/19/2020  |i snk2022/4241  |8 0  |0 0  |1 0  |4 0  |d 2022-03-18  |l 0  |r 2026-02-21 19:59:06  |w 2026-02-21 
952 |t č. 1-4  |a SNK  |b SNK  |y PREZ  |7 0  |p 17A1385825  |o snkČSC 3866/17/2018  |i snk2020/890  |8 0  |f 1  |0 0  |1 0  |4 0  |d 2020-01-16  |l 0  |r 2026-02-21 20:50:43  |w 2026-02-21 
952 |t č. 1-4  |a SNK  |b SNK  |y PREZ  |7 0  |p 17A1556732  |o snkČSC 3866/21/2022 D1  |i snk2025/9563  |8 0  |0 0  |1 0  |4 0  |d 2025-06-16  |l 0  |r 2026-02-21 21:11:12  |w 2026-02-21 
952 |t č. 1-4  |a SNK  |b SNK  |y PREZ  |7 0  |p 17A1556733  |o snkČSC 3866/22/2023 D1  |i snk2025/9567  |8 0  |0 0  |1 0  |4 0  |d 2025-06-16  |l 0  |r 2026-02-21 21:11:12  |w 2026-02-21 
952 |t č. 1-3, neúplné  |a SNK  |b SNK  |y PREZ  |7 0  |p 17A1329162  |o snkČSC 3866/0/2002  |i snk2018/20053  |8 0  |z Chýba č. 1, 2  |f 1  |0 0  |1 0  |4 0  |d 2018-10-04  |l 0  |r 2026-02-21 21:50:07  |w 2026-02-21 
952 |t č. 1-3, neúplné  |a SNK  |b SNK  |y PREZ  |7 0  |p 17A1329163  |o snkČSC 3866/0/2002 D1  |i snk2018/20054  |8 0  |z Chýba č. 1, 2  |0 0  |1 0  |4 0  |d 2018-10-04  |l 0  |r 2026-02-21 21:50:08  |w 2026-02-21 
952 |t č. 1-4  |a SNK  |b SNK  |y PREZ  |7 0  |p 17A1329164  |o snkČSC 3866/1/2003  |i snk2018/20055  |8 0  |f 1  |0 0  |1 0  |4 0  |d 2018-10-04  |l 0  |r 2026-02-21 21:50:08  |w 2026-02-21 
952 |t č. 1-4, neúplné  |a SNK  |b SNK  |y PREZ  |7 0  |p 17A1329165  |o snkČSC 3866/1/2003 D1  |i snk2018/20058  |8 0  |z Chýba č. 3  |0 0  |1 0  |4 0  |d 2018-10-04  |l 0  |r 2026-02-21 21:50:08  |w 2026-02-21 
952 |t č. 1-4  |a SNK  |b SNK  |y PREZ  |7 0  |p 17A1329166  |o snkČSC 3866/2-3/2004  |i snk2018/20062  |8 0  |z V č. 3, 4 je uvedený roč. 3  |f 1  |0 0  |1 0  |4 0  |d 2018-10-04  |l 0  |r 2026-02-21 21:50:08  |w 2026-02-21 
952 |t č. 1-4  |a SNK  |b SNK  |y PREZ  |7 0  |p 17A1329167  |o snkČSC 3866/2-3/2004 D1  |i snk2018/20077  |8 0  |z V č. 3, 4 je uvedený roč. 3  |0 0  |1 0  |4 0  |d 2018-10-04  |l 0  |r 2026-02-21 21:50:08  |w 2026-02-21 
952 |t č. 1-4  |a SNK  |b SNK  |y PREZ  |7 0  |p 17A1329168  |o snkČSC 3866/4/2005  |i snk2018/20078  |8 0  |f 1  |0 0  |1 0  |4 0  |d 2018-10-04  |l 0  |r 2026-02-21 21:50:15  |w 2026-02-21 
952 |t č. 1-4  |a SNK  |b SNK  |y PREZ  |7 0  |p 17A1329169  |o snkČSC 3866/4/2005 D1  |i snk2018/20079  |8 0  |0 0  |1 0  |4 0  |d 2018-10-04  |l 0  |r 2026-02-21 21:50:15  |w 2026-02-21 
952 |t č. 1-4  |a SNK  |b SNK  |y PREZ  |7 0  |p 17A1329170  |o snkČSC 3866/5/2006  |i snk2018/20081  |8 0  |f 1  |0 0  |1 0  |4 0  |d 2018-10-04  |l 0  |r 2026-02-21 21:50:15  |w 2026-02-21 
952 |t č. 1-4  |a SNK  |b SNK  |y PREZ  |7 0  |p 17A1329171  |o snkČSC 3866/5/2006 D1  |i snk2018/20083  |8 0  |0 0  |1 0  |4 0  |d 2018-10-04  |l 0  |r 2026-02-21 21:50:18  |w 2026-02-21 
952 |t č. 1-5  |a SNK  |b SNK  |y PREZ  |7 0  |p 17A1329172  |o snkČSC 3866/6/2007  |i snk2018/20084  |8 0  |f 1  |0 0  |1 0  |4 0  |d 2018-10-04  |l 0  |r 2026-02-21 21:50:18  |w 2026-02-21 
952 |t č. 1-5  |a SNK  |b SNK  |y PREZ  |7 0  |p 17A1329173  |o snkČSC 3866/6/2007 D1  |i snk2018/20086  |8 0  |0 0  |1 0  |4 0  |d 2018-10-04  |l 0  |r 2026-02-21 21:50:18  |w 2026-02-21 
952 |t č. 1-5  |a SNK  |b SNK  |y PREZ  |7 0  |p 17A1329174  |o snkČSC 3866/7/2008  |i snk2018/20087  |8 0  |f 1  |0 0  |1 0  |4 0  |d 2018-10-04  |l 0  |r 2026-02-21 21:50:18  |w 2026-02-21 
952 |t č. 1-5  |a SNK  |b SNK  |y PREZ  |7 0  |p 17A1329175  |o snkČSC 3866/7/2008 D1  |i snk2018/20088  |8 0  |0 0  |1 0  |4 0  |d 2018-10-04  |l 0  |r 2026-02-21 21:50:18  |w 2026-02-21 
952 |t č. 1-5  |a SNK  |b SNK  |y PREZ  |7 0  |p 17A1329176  |o snkČSC 3866/8/2009  |i snk2018/20089  |8 0  |f 1  |0 0  |1 0  |4 0  |d 2018-10-04  |l 0  |r 2026-02-21 21:50:18  |w 2026-02-21 
952 |t č. 1-5, neúplné  |a SNK  |b SNK  |y PREZ  |7 0  |p 17A1329177  |o snkČSC 3866/8/2009 D1  |i snk2018/20090  |8 0  |z Chýba č. 3  |0 0  |1 0  |4 0  |d 2018-10-04  |l 0  |r 2026-02-21 21:50:18  |w 2026-02-21 
952 |t č. 1-4  |a SNK  |b SNK  |y PREZ  |7 0  |p 17A1329178  |o snkČSC 3866/9/2010  |i snk2018/20101  |8 0  |f 1  |0 0  |1 0  |4 0  |d 2018-10-04  |l 0  |r 2026-02-21 21:50:18  |w 2026-02-21 
952 |t č. 1-4  |a SNK  |b SNK  |y PREZ  |7 0  |p 17A1329179  |o snkČSC 3866/9/2010 D1  |i snk2018/20104  |8 0  |0 0  |1 0  |4 0  |d 2018-10-04  |l 0  |r 2026-02-21 21:50:18  |w 2026-02-21 
952 |t č. 1-4  |a SNK  |b SNK  |y PREZ  |7 0  |p 17A1329180  |o snkČSC 3866/10/2011  |i snk2018/20107  |8 0  |f 1  |0 0  |1 0  |4 0  |d 2018-10-04  |l 0  |r 2026-02-21 21:50:18  |w 2026-02-21 
952 |t č. 1-4  |a SNK  |b SNK  |y PREZ  |7 0  |p 17A1329181  |o snkČSC 3866/10/2011 D1  |i snk2018/20109  |8 0  |0 0  |1 0  |4 0  |d 2018-10-04  |l 0  |r 2026-02-21 21:50:19  |w 2026-02-21 
952 |t č. 1-4  |a SNK  |b SNK  |y PREZ  |7 0  |p 17A1329182  |o snkČSC 3866/11/2012  |i snk2018/20110  |8 0  |f 1  |0 0  |1 0  |4 0  |d 2018-10-04  |l 0  |r 2026-02-21 21:50:19  |w 2026-02-21 
952 |t č. 1-4  |a SNK  |b SNK  |y PREZ  |7 0  |p 17A1329183  |o snkČSC 3866/11/2012 D1  |i snk2018/20112  |8 0  |0 0  |1 0  |4 0  |d 2018-10-04  |l 0  |r 2026-02-21 21:50:19  |w 2026-02-21 
952 |t č. 1-4  |a SNK  |b SNK  |y PREZ  |7 0  |p 17A1329184  |o snkČSC 3866/12/2013  |i snk2018/20136  |8 0  |f 1  |0 0  |1 0  |4 0  |d 2018-10-05  |l 0  |r 2026-02-21 21:50:26  |w 2026-02-21 
952 |t č. 1-4  |a SNK  |b SNK  |y PREZ  |7 0  |p 17A1329185  |o snkČSC 3866/12/2013 D1  |i snk2018/20137  |8 0  |0 0  |1 0  |4 0  |d 2018-10-05  |l 0  |r 2026-02-21 21:50:26  |w 2026-02-21 
952 |t č. 1-4  |a SNK  |b SNK  |y PREZ  |7 0  |p 17A1329186  |o snkČSC 3866/13/2014  |i snk2018/20138  |8 0  |f 1  |0 0  |1 0  |4 0  |d 2018-10-05  |l 0  |r 2026-02-21 21:50:26  |w 2026-02-21 
952 |t č. 1-4  |a SNK  |b SNK  |y PREZ  |7 0  |p 17A1329187  |o snkČSC 3866/13/2014 D1  |i snk2018/20139  |8 0  |0 0  |1 0  |4 0  |d 2018-10-05  |l 0  |r 2026-02-21 21:50:26  |w 2026-02-21 
952 |t č. 1-4  |a SNK  |b SNK  |y PREZ  |7 0  |p 17A1329188  |o snkČSC 3866/14/2015  |i snk2018/20140  |8 0  |f 1  |0 0  |1 0  |4 0  |d 2018-10-05  |l 0  |r 2026-02-21 21:50:26  |w 2026-02-21 
952 |t č. 1-4  |a SNK  |b SNK  |y PREZ  |7 0  |p 17A1329189  |o snkČSC 3866/14/2015 D1  |i snk2018/20141  |8 0  |0 0  |1 0  |4 0  |d 2018-10-05  |l 0  |r 2026-02-21 21:50:26  |w 2026-02-21 
952 |t č. 1-4  |a SNK  |b SNK  |y PREZ  |7 0  |p 17A1329190  |o snkČSC 3866/15/2016  |i snk2018/20142  |8 0  |f 1  |0 0  |1 0  |4 0  |d 2018-10-05  |l 0  |r 2026-02-21 21:50:27  |w 2026-02-21 
952 |t č. 1-4  |a SNK  |b SNK  |y PREZ  |7 0  |p 17A1329191  |o snkČSC 3866/15/2016 D1  |i snk2018/20144  |8 0  |0 0  |1 0  |4 0  |d 2018-10-05  |l 0  |r 2026-02-21 21:50:27  |w 2026-02-21 
952 |t č. 1-4  |a SNK  |b SNK  |y PREZ  |7 0  |p 17A1329192  |o snkČSC 3866/16/2017  |i snk2018/20145  |8 0  |f 1  |0 0  |1 0  |4 0  |d 2018-10-05  |l 0  |r 2026-02-21 21:50:27  |w 2026-02-21 
952 |t č. 1-4  |a SNK  |b SNK  |y PREZ  |7 0  |p 17A1329193  |o snkČSC 3866/16/2017 D1  |i snk2018/20146  |8 0  |0 0  |1 0  |4 0  |d 2018-10-05  |l 0  |r 2026-02-21 21:50:27  |w 2026-02-21 
952 |t č. 1-4  |a SNK  |b SNK  |y PREZ  |7 0  |p 17A1386635  |o snkČSC 3866/17/2018 D1  |i snk2020/3010  |8 0  |0 0  |1 0  |4 0  |d 2020-02-10  |l 0  |r 2026-02-21 22:22:52  |w 2026-02-21 
952 |t č. 1-4  |a SNK  |b SNK  |y PREZ  |7 0  |p 17A1432062  |o snkČSC 3866/18/2019  |i snk2020/18637  |8 0  |0 0  |1 0  |4 0  |d 2020-10-14  |l 0  |r 2026-02-21 22:23:05  |w 2026-02-21